| 000 | 00517nam a22001937a 4500 | ||
|---|---|---|---|
| 003 | MPLRDC | ||
| 005 | 20220105061112.0 | ||
| 008 | 210129b ||||| |||| 00| 0 eng d | ||
| 020 | _a978-957-08-4871-7 | ||
| 082 | _a494 CLA | ||
| 100 | _a邓肯·克拉克 DUNCAN CLARK | ||
| 245 |
_a阿里巴巴 _c吴国卿 译 |
||
| 250 | _a初版二刷 | ||
| 260 |
_a台湾 _b联经出版事业股份有限公司 _c2017 |
||
| 300 | _b平 | ||
| 520 | _a上架 2017-06-16。 | ||
| 650 | _a企业管理 | ||
| 942 |
_cBK _o494 CLA |
||
| 999 |
_c68831 _d68821 |
||